00676nam a2200205Ia 4500008004100000020001800041082001600059100001800075245003900093250000800132260002500140300001200165500002400177650001500201700002000216942000700236952010500243952010500348999001700453230524s9999 xx 000 0 und d a9780070667136 a658.45bHIR aMark Hirschey 0aInvestments Analysis And Behaviour aIST aNEW DELHIbMGHc2008 aXXV;631 aQuantity Number: 2 aManagement a John Nofsinger cBK 00104070aTATCLbTATCLcGENd2023-05-24l0o658.45 HIRp30740r2023-05-24w2023-05-24yBKzMBA3102 00104070aTATCLbTATCLcGENd2023-05-24l0o658.45 HIRp30741r2023-05-24w2023-05-24yBKzMBA3102 c43242d43242